000 00652nam a2200193 a 4500
005 20210223123423.0
008 991125s1978 mx 000 0 spa u
035 _aUPN01000053169
049 _aCG
050 4 _aR468 R8
_bG3.8
100 1 _aGastelum, Bernardo J.
245 1 0 _aSemblanza de Maximiliano Ruiz Castañeda /
_cBernardo J. Castelum.
260 _aToluca :
_bFONAPAS :
_bGobierno del Estado de México,
_c1978.
300 _a75 p.
440 0 _aJosé Antonio Alzate y Ramírez : Testimonios del Estado de México
650 4 _aMEDICINA -
_vDISCURSOS, ENSAYOS, CONFERENCIAS, ETC.
650 4 _aMEDICOS -
_vBIOGRAFIA
_912713
905 _aLibro
999 _c53169
_d53169